000
00274nam a2200109Ia 4500
005
20251222140039.0
008
251222s1900||||xx |||||||||||||| ||spa||
082
_a
190/M26S/Ej.2
100
_a
Maritain, Jacques
245
0
_a
El SueƱo de Descartes y otros ensayos
942
_c
LIB
999
_c
3209
_d
3209